Yếu tố tiên tri kỳ diệu trong tiểu thuyết “Người Mỹ trầm lặng” của Graham Greene

Graham Greene và tiểu thuyết “ Người Mỹ trầm lặng”. Những dự báo về cuộc chiến tranh của Mỹ trong tiểu thuyết “ Người Mỹ trầm lặng” của Graham Green. Phương thức nghệ thuật trong tiểu thuyết “ Người Mỹ trầm lặng”

محفوظ في:
التفاصيل البيبلوغرافية
المؤلف الرئيسي: Trương Thị Hiền
مؤلفون آخرون: Đặng Thị Lan (Hướng dẫn)
التنسيق: كتاب
اللغة:Vietnamese
منشور في: Đà Nẵng Đại học Sư phạm, Đại học Đà Nẵng 2012
الموضوعات:
الوسوم: إضافة وسم
لا توجد وسوم, كن أول من يضع وسما على هذه التسجيلة!
Thư viện lưu trữ: Mạng thư viện Đại học Đà Nẵng
LEADER 01869nam a2200349 4500
001 000016995
003 13406
005 20130117150135.0
008 130117s2012 viesd
041 0 |a vie 
082 |a 813  |b TR-H 
100 1 |a Trương Thị Hiền 
245 |a Yếu tố tiên tri kỳ diệu trong tiểu thuyết “Người Mỹ trầm lặng” của Graham Greene  |c Trương Thị Hiền ; Đặng Thị Lan hướng dẫn  |k Khóa luận tốt nghiệp 
260 |a Đà Nẵng  |b Đại học Sư phạm, Đại học Đà Nẵng  |c 2012 
300 |a 61 tr.  |c 29 cm.  |e Đĩa CD, tài liệu tóm tắt 
500 |a Khóa luận tốt nghiệp đại học. Chuyên ngành: Cử nhân văn học 
504 |a Mục lục đầu trang, tài liệu tham khảo tr. 73 - 74, phụ lục [13 tr.] 
520 |a Graham Greene và tiểu thuyết “ Người Mỹ trầm lặng”. Những dự báo về cuộc chiến tranh của Mỹ trong tiểu thuyết “ Người Mỹ trầm lặng” của Graham Green. Phương thức nghệ thuật trong tiểu thuyết “ Người Mỹ trầm lặng” 
600 1 4 |a Henry Graham Greene  |b Vua  |c Đinh Tiên Hoàng  |d 1904-1991  |t Người Mỹ trầm lặng 
650 0 4 |a Tiểu thuyết Mỹ  |v Khóa luận tốt nghiệp  |x Nghiên cứu 
653 |a Tiểu thuyết  |a Khoa Ngữ văn 
700 |a Đặng Thị Lan  |e Hướng dẫn 
OWN |a LSP 
AVA |a UDN50  |b LSP  |d 813 TR-H  |e available  |t Error 5001 Not defined in file expand_doc_bib_avail.  |f 1  |g 0  |h N  |i 0  |k 1 
999 |a From the UDN01 
AVA |a UDN50  |b LSP  |d 813 TR-H  |e available  |t Error 5001 Not defined in file expand_doc_bib_avail.  |f 1  |g 0  |h N  |i 0  |k 1 
TYP |a Monograph 
TYP |a Printed language 
980 |a Mạng thư viện Đại học Đà Nẵng